000
00264nam a22000977a 4500
999
_c
10408
_d
10408
008
180216b ||||| |||| 00| 0 eng d
020
_a
9788182963788
100
_a
Pandey,V.K.etal.
_9
2304
245
_a
Understanding Information Technology-VI
260
_a
New Delhi
_b
APC